1056 1923 1186 1020 1405 1489 1540 1684 1978 1051 1090 1665 1521 1045 1865 1234 1851 1216 1885 1741 1656 1799 1354 1572 1674 1883 1216 1566 1837 1539 1895 1623 1931 1783 1075 1105 1753 1928 1387 1438 1121 1826 1868 1074 1002 1405 1386 1642 1867 1133 1947 1674 1143 1807 1100 1593 1564 1559 1809 1136 1246 1709 1569 1951 1774 1378 1322 1420 1653 1998 1470 1975 1008 1467 1167 1629 1144 1046 1687 1149 1080 1181 1580 1870 1829 1986 1457 1334 1494 1283 1403 1075 1249 1261 1119 1397 1939 1604 1181 BCNSPRNW ULIB Ver.6.0+V

เปลี่ยนเป็นภาษาไทย

Change to English
 แสดงรายละเอียดบรรณานุกรม
  กลับหน้าหลัก

Brief Record : Get Marc (ISO 2709) : E-mail record : QR code < ปิดหน้าต่าง
LEADER : 00000nam 2200000uu 4500
001    13399128746
003     ULIB
008    240828s2565||||th 000 0 tha d
020 0  ^a9786164078031
060  0 ^aWP100^bธ526น^cล.1
100 0  ^aธาริณี แม่นชนะ
110 0  ^aจุฬาลงกรณ์มหาวิทยาลัย. คณะแพทยศาสตร์. ภาควิชาสูติศาสตร์-นรีเวชวิทยา.
245 00 ^aนรีเวชวิทยา เล่มที่ 1/^cธาริณี แม่นชนะ,^cสมสุข สันติเพ็ญจกุล,^cภิญญดา ปัญญาวรานันท์,^cพธู ตัณฑ์ไพโรจน์,^cณัฏฐ์กฤตา ไพธิพรธวัฒน์,^cนลินา ออประยูร,^cชินา ไอฬารรัตน์พันธ์,^cณัฐชา พูลเจริญ, และ^cปวีณา ธุวะนุติ
250    ^aพิมพ์ครั้งที่ 5
260    ^aกรุงเทพฯ :^bภาควิชาสูติศาสตร์-นรีเวชวิทยา คณะแพทยศาสตร์ จุฬาลงกรณ์มหาวิทยาลัย,^c2565
300    ^a3 เล่ม :^bภาพประกอบ
650  0 ^aนรีเวชวิทยา
700 0  ^aสมสุข สันติเพ็ญจกุล
710 0  ^aภิญญดา ปัญญาวรานันท์
710 0  ^aพธู ตัณฑ์ไพโรจน์
710 0  ^aณัฏฐ์กฤตา ไพธิพรธวัฒน์
710 0  ^aนลินา ออประยูร
710 0  ^aชินา ไอฬารรัตน์พันธ์
710 0  ^aณัฐชา พูลเจริญ
710 0  ^aปวีณา ธุวะนุติ
856    ^a^zหนังสืออิเล็กทรอนิกส์ CU-eLibrary^uhttps://elibrary-bcnkorat.cu-elibrary.com/rent/ebook/detail/154b8883-4151-455f-b148-6c82d5c726b2
856    ^a^zนรีเวชวิทยา เล่มที่ 1 (สารบัญหนังสือ)^uhttp://110.164.66.211/ULIB6//_fulltext/bookcontent/13399117422/B0012310.pdf
945    ^p300^l0^i010652
945    ^p300^l0^i010653
945    ^p300^l0^i010654
999    ^aประนอม เกษจรัล
รายการนี้ยังไม่มีแท็ก
คุณยังไม่ได้ล็อกอิน คุณสามารถมีกิจกรรมร่วมกับเว็บไซต์ได้ แต่ต้องล็อกอินก่อน ::
  ล็อกอิน

รายการสื่อสารสนเทศ

ลำดับที่ ประเภท เลขเรียก/บาร์โค้ด สถานที่ สถานะ
1. วิทยาศาสตร์การแพทย์ และสุขภาพ
หนังสือสำรอง
สถานะ=หนังสือสำรอง
WP100 ธ526น ล.1 ฉ.1 
  Barcode: 010652
ห้องสมุดวิทยาเขตสวรรค์ประชารักษ์
►หนังสือทั่วไป
บนชั้น
2. วิทยาศาสตร์การแพทย์ และสุขภาพ
วิทยาศาสตร์การแพทย์ และสุขภาพ
WP100 ธ526น ล.1 ฉ.2 
  Barcode: 010653
ห้องสมุดวิทยาเขตสวรรค์ประชารักษ์
►หนังสือทั่วไป
บนชั้น
3. วิทยาศาสตร์การแพทย์ และสุขภาพ
วิทยาศาสตร์การแพทย์ และสุขภาพ
WP100 ธ526น ล.1 ฉ.3 
  Barcode: 010654
ห้องสมุดวิทยาเขตสวรรค์ประชารักษ์
►หนังสือทั่วไป
บนชั้น

รายการใกล้เคียง
    ผู้แต่ง [ธาริณี แม่นชนะ]

    หัวเรื่อง [นรีเวชวิทยา]

BibComment


ยังไม่เคยถูกคอมเมนท์

คอมเมนท์ทรัพยากรรายการนี้
  คอมเมนท์: นรีเวชวิทยา เล่ม..


 Copyright 2026. Bcnsprnw @Library